000 00683nam a2200229Ia 4500
003 OSt
005 20221006165333.0
006 a|||||r|||| 00| 0
007 ta
008 221006b |||||||| |||| 00| 0 hin d
024 _a5,823
037 _cTextual
040 _aFML
_cFML
_bhin
041 _2hin
_ahin
082 _aNR44,414, N9;Q1 -; 2
100 _aSharma Satyabhan Au.
_9679626
245 0 _aPusthimargiya Mandiro Ki Sangeet Parampara
_b Haveli Sangeet
260 _aNew Delhi
_bRadha Publications India
_c2011
300 _a196 + 214
_ccm.
942 _hNR44,414, N9;Q1 -; 2
_cTEXL
_2CC
999 _c1120472
_d1120472